Quizzes
Events
Quiz Creation
Community
Videos
Private Events
Remove Ads
Sign In
Join for FREE
Feedback
Dark Mode
Quiz Categories
Sports
Geography
Music
Movies
Television
Just For Fun
Miscellaneous
History
Literature
Language
Science
Gaming
Entertainment
Religion
Holiday
For Kids
Quiz Lab
Recent
Popular Today
Quiz Kudos Today
Editor Picks
Curator Picks
Quizzes by...
Day
Popularity
Type
Ratings
Length
Year
Community
Subscriptions
Recent Discussions
Orange Saloon
Badges
Playlists
Quests
Create
Leaderboards
Showdown
Live 5
Trivia Bingo
Activity
Puzzle Library
Sporcle Events
Private Events
Virtual Trivia
Globe League
Become a Host
Pub Owners
SporcleCon
Opinionation
Our Games
Videos
Blog
Mobile Apps
Partnerships
Remove Ads and Go Orange
Feedback
Literature
Harry Potter
A Song of Ice and Fire
The Hunger Games
Literary Character
Shakespeare
Book
Author
Novel
Poem
Young Adult
Children's Books
Play
Lord of the Rings
Literature
Harry Potter
A Song of Ice and Fire
The Hunger Games
Literary Character
Shakespeare
Book
Author
Novel
Poem
Young Adult
Children's Books
Play
Lord of the Rings
Random Quiz
Search Sporcle
×
Quiz Lab
Quiz Lab
Literature
Author
Type in answers that appear in a list
Type in answers that appear in a list
Classic
Best Score? Go Orange.
Famous Canadian Authors Stats
Can you name the Famous Canadian Authors?
By
Mutford
10m
36 Questions
218 Plays
218 Plays
218 Plays
Comments
Comments
Give Quiz Kudos
Give Quiz Kudos
-
- Ratings
hide this ad
Replay
Link that replays current quiz
Next Quiz
Link to next quiz in quiz playlist
You Got
0%
They Got
Avg Score
36%
Avg Friend Score
Upgrade to see
Score Distribution
Jump to the score distribution portion of the page
Score
0/36
Timer
10:00
0
Plays Today
Novel
Author
% Correct
The Handmaid's Tale
Margaret Atwood
98.6%
Anne of Green Gables
Lucy Maud Montgomery
81.7%
Life of Pi
Yann Martel
66.5%
The Stone Angel
Margaret Laurence
62.8%
Barney's Version
Mordecai Richler
59.2%
Fifth Business
Robertson Davies
53.7%
The Wars
Timothy Findley
50.9%
Beautiful Losers
Leonard Cohen
50.5%
Generation X
Douglas Coupland
50.5%
The Book of Negroes
Lawrence Hill
46.3%
The Stone Diaries
Carol Shields
46.3%
A Fine Balance
Rohinton Mistry
45.4%
The Tin Flute
Gabrielle Roy
39.4%
Fall On Your Knees
Ann-Marie MacDonald
39%
A Complicated Kindness
Miriam Toews
34.4%
Lost in the Barrens
Farley Mowat
34.4%
As For Me and My House
Sinclair Ross
33.5%
The Stone Carvers
Jane Urquhart
33.5%
Novel
Author
% Correct
Obasan
Joy Kogawa
30.7%
The Secret World of Og
Pierre Berton
29.4%
Late Nights on Air
Elizabeth Hay
26.6%
Colony of Unrequited Dreams
Wayne Johnston
26.1%
Two Solitudes
Hugh MacLennan
25.2%
De Niro's Game
Rawi Hage
22%
The Fionavar Tapestry: The Summer Tree
Guy Gavriel Kay
21.6%
The Double Hook
Sheila Watson
20.6%
Widdershins
Charles de Lint
20.6%
The Book of Secrets
M G Vassanji
18.8%
Galore
Michael Crummey
18.3%
Latitudes of Melt
Joan Clark
18.3%
The Luck of Ginger Coffey
Brian Moore
17.9%
Calculating God
Robert J Sawyer
17.9%
The Time In Between
David Bergen
17.4%
The Clockmaker
Thomas Chandler Haliburton
17%
A Fine and Private Place
Morley Callaghan
15.6%
Fear The Worst
Linwood Barclay
15.1%
Quiz Playlist
Details
Report
Send in Message
Add To Playlist
Classic:
Type in answers that appear in a list
Last Updated: Feb 16, 2017
Quiz Scoreboard
CHALLENGE
Sign Up to Join the Scoreboard
Show All
Scores
Hide
Comments
May contain spoilers
Recently Published
Movies - When Are They Set?
by FPL_Elf
Movies
5m
Popular People in 1961
by mucciniale
History
6m
1-10 Letter E Words III
by El_Dandy
Language
2m
More to Explore
Quiz From the Vault
Featured Blog Post
Where Did the Easter Bunny Come From?
hide this ad
You Might Also Like...
Tags
Author Quiz
Canada Quiz
Famous Quiz
Novel Quiz
Today's Top Quizzes in Literature
Browse Literature
hide this ad
Today's Top Quizzes in Author
Browse Author
Top Contributed Quizzes in Literature
1
Sneaky Slytherin Logic Puzzle
2
One Thing in Common: Literature
3
Get The Picture: Black or White Literature
4
Weasley Family Reunion: Logic Puzzle
5
One Thing in Common: Literature II
6
Harry Potter Neighbourly Logic Puzzle #5
7
Lily Potter Start to Finish
8
One Thing in Common: Literature 3
9
One Thing in Common: Books
10
ASOIAF Logic Puzzle [Difficult] [Read Note first!!]
Explore More
Trending Topics
Disney
Kpop
Anime
NBA
Crossword
Marvel
Harry Potter
The Office
Country
WWE
Soccer
NFL
Pokémon
Puzzle
Song
hide this ad
More By:
Mutford
Quiz
Plays
Rating
Category
Featured
Created
'A' Literary Characters
56,672
4.31
Literature
Oct 8, 2012
'D' Literary Characters
49,332
4.37
Literature
Oct 10, 2012
'B' Literary Characters
47,261
4.58
Literature
Oct 9, 2012
Time's 10 Best Graphic Novels
26,284
3.29
Literature
Nov 30, 2009
'Weird Al' Hits
15,842
4.55
Music
Aug 10, 2011
Go to Creator's Profile
Score Distribution
Quiz Creator Spotlight
Mutford
Follow
Send a Message
Quizzes Created
-
Created Quiz Play Count
-
More By This Creator
Popular Quizzes Today
1
Find the US States - No Outlines Minefield
2
Find the Countries of Europe - No Outlines Minefield
3
The Countries of the World
4
Popular People in 1961
5
1-10 Letter E Words III
6
US States
7
Find the US States
8
One Thing in Common: World Cities II
More Literature Quizzes
Humans Who Visited Narnia
Published
Trending Quizzes
Risky Map Clicking: Least Populous States A-Z
1-10 Letter F Words
Humor Books: The Subtitles
1-10 Letter G Words
One Thing in Common: United Kingdom
Recently Updated
Leaping Animals
pecheneg
Reality TV Shows (A-Z)
bhenderson79
Rickey Henderson's Hall of Fame Teammates
pecheneg
Champions League XIs: Arsenal
pecheneg
Quick Pick: Celebrities in WWE's Hall of Fame
aduchscher
A-Z Keypad Blitz II
pecheneg
Multiple Oscar Actors
pecheneg
Mystery Phrase Blitz: Oscar 'Best Actors'
pecheneg
F. Scott Fitzgerald Novels
LTH
Pick 3 Villains
ddd62291
Trending Topics
NBA
Kpop
Harry Potter
Crossword
Disney
Marvel
Anime
Pokémon
NFL
The Office
Puzzle
Song
Soccer
WWE
Country
Your Account Isn't Verified!
In order to create a playlist on Sporcle, you need to verify the email address you used during registration. Go to your
Sporcle Settings
to finish the process.
Report this User
Report this user for behavior that violates our
Community Guidelines
.
Details:
Send Report
Go to the Sporcle.com Mobile Site →
Comments